000
00288nam a2200121 a 4500
008
100917s1971|||| d
245
1
0
_a
Časobitie
100
1
_a
Devečková, Anna
044
_a
xo
_c
SK
041
_a
slo
260
_b
Slovenský spisovateľ
_c
1971
_a
Bratislava
020
_c
10
999
_c
10472
_d
10472